• 首页
  • 本馆介绍
  • 公告通知
  • 最新文献
  • 馆藏检索
  • 电子资源
  • 读者导购
  • 参考咨询
  • 我的图书馆
  • 登录
  • 详细信息显示
  • 放入我的书架
  • 预约/预借图书
  • 作者相关作品
  • 分类相关作品
  • 丛书相关作品
  • 出版社相关作品

书目信息

  • 表格格式
  • 工作单格式
  • 卡片格式
题名:
条码技术与应用
    
 
作者: 刘红 , 陈丹辉 编著
分册:  
出版信息: 北京   化学工业出版社  2006
页数:
开本: 29cm
丛书名:
单 册:
中图分类: TP391.44
科图分类:
主题词: 计算机应用
电子资源:
ISBN: 7-5025-8305-X
000 00571nam0 2200193 450
001 0754114953
005 20070929150154.95
010    @a7-5025-8305-X
100    @a20070929d km y0chiy0120 ea
101 0  @achi
200 1  @a条码技术与应用@Atiao ma ji shu yu ying yong@f陈丹辉,刘红 编著@Fchen dan hui,liu hong bian zhu
210    @a北京@c化学工业出版社@d2006
215    @c插图@d29cm
606 0  @a计算机应用
690    @aTP391.44@v3
701  0 @a刘红@Aliu hong@4编著
701  0 @a陈丹辉@Achen dan hui@4编著
801  0 @aCN@bPFT@c20070929
905    @a213230@dTP391.44@eh2@f1
    
    条码技术与应用/陈丹辉,刘红 编著.-北京:化学工业出版社,2006
    插图;29cm
    
    
    ISBN 7-5025-8305-X:
    
●
相关链接 在E读中查询图书 在五车中查询图书 在当当中查询图书 在豆瓣中查询图书


正题名:条码技术与应用     索取号:TP391.44/h2         预约/预借

序号 登录号 条形码 馆藏地/架位号 状态 备注
1 6001946   260019465   化学系资料室/ [索取号:TP391.44/h2] 在馆    
唐山师范学院图书馆 欢迎您!
大连网信软件有限公司© 版权所有